Metaphoricity and the politics of mobility (Record no. 103064)
[ view plain ]
| 000 -LEADER | |
|---|---|
| fixed length control field | 01526nam a2200397Ia 4500 |
| 245 00 - TITLE STATEMENT | |
| Title | Metaphoricity and the politics of mobility |
| 260 ## - PUBLICATION, DISTRIBUTION, ETC. (IMPRINT) | |
| Place of publication | Amsterdam ; |
| -- | New York : |
| Name of publisher | Rodopi, |
| Year of publication | c2006. |
| 300 ## - PHYSICAL DESCRIPTION | |
| Number of Pages | 188 p. : |
| Other physical details | ill. |
| 490 1# - SERIES STATEMENT | |
| Series statement | Thamyris intersecting, |
| 650 #0 - SUBJECT ADDED ENTRY--TOPICAL TERM | |
| Topical Term | Culture and globalization. |
| Topical Term | Metaphor. |
| Topical Term | Movement, Psychology of. |
| Topical Term | Place (Philosophy) |
| Topical Term | Population geography |
| Topical Term | Population geography. |
| Topical Term | Process philosophy. |
| Topical Term | Transnationalism. |
| 700 1# - ADDED ENTRY--PERSONAL NAME | |
| Personal name | Margaroni, Maria. |
| Personal name | Yiannopoulou, Effie. |
| 856 40 - ELECTRONIC LOCATION AND ACCESS | |
| Uniform Resource Identifier | http://site.ebrary.com/lib/rucke/Doc?id=10380377 |
No items available.
